Statistiques concernant Personnages de la série Mario (avec indices mentionnés)

Cliquez ici pour prendre le quiz!

Statistiques générales

  • Ce quiz a été pris 1 693 fois
    (1 592 depuis la dernière actualisation)
  • Le résultat moyen est 24 sur 40

Statistiques - réponses

IndicesPersonnages% Correct
Le plombier oubliéLuigi
100%
Le célèbre plombier rougeMario
100%
La princesse briochePeach
99%
L'homme champignon qui sert humblement la princesseToad
96%
Le dinosaure avec une langue élastiqueYoshi
95%
La tortue qui aime les briochesBowser
92%
Le contraire du plombier rougeWario
92%
La princesse du royaume de SarasalandDaisy
91%
Le contraire du plombier vertWaluigi
89%
La femme du champignonToadette
88%
Le singe avec une cravateDonkey Kong
87%
La tortue verte qui rentre dans sa carapaceKoopa
83%
La princesse de l'espaceHarmonie
78%
Le fils de la grosse tortueBowser jr.
76%
Le roi des fantômes qui tirent la languesRoi Boo
75%
Le singe avec une casquetteDiddy Kong
71%
Le méchant champignon marronGoomba
62%
L'ami(e) du dinosaure vertBirdo
58%
Le petit bonhomme rouge qui porte un masqueMaskass
56%
La version mort-vivant de la tortue verteSkelerex
56%
La tortue qui vole sur un nuageLakitu
55%
La fidèle étoile qui la suitLuma
52%
La sorcière Koopa bleue avec des pouvoirs magiquesKamek
51%
Le pouvoir d'invincibilitéÉtoile
48%
La bombe avec une clé a remonterBob-Omb
47%
La fidèle casquette du plombier rougeCappy
43%
La mairesse de New Donk CityPauline
40%
Le champignon vert1 Up
39%
Le champignon explorateurCaptain Toad
37%
Le boss du monde 1 dans Mario bros WiiLarry
36%
Le boss du monde 4 dans Mario bros WiiWendy
35%
Le boss du monde 7 dans Mario bros WiiLudwig
34%
Le boss du monde 6 dans Mario bros WiiMorton
34%
Le boss du monde 2 dans Mario bros WiiRoy
34%
Le poisson le plus célèbre de cette sérieCheep Cheep
33%
Le boss du monde 5 dans Mario bros WiiIggy
33%
La tortue qui lance des marteauxFrère Marto
31%
Le boss du monde 3 dans Mario bros WiiLemmy
31%
Le JetPack de Mario dans Mario SunshineJet
23%
La petite sœur de la casquetteTiara
16%

Distribution des résultats

Percentile par nombre de réponses

% des personnes avec chaque résultat

Votre développement - résultats

Vous n’avez pas pris ce quiz depuis la dernière actualisation